<The> House money effect and negative reciprocity

Experiment v investičnom správaní. Rozdiel v investičnom správaní pri nečakanom a zaslúženom zárobku. Recipročné dopady na správanie investorov a tvorba "house money effect". "Taking game" v investičných procesoch.

Saved in:
Bibliographic Details
Main Author: Danková, Katarína
Other Authors: Servátka, Maroš, 1976-
Format: Book Chapter
Language:English
Subjects:
Tags: Add Tag
No Tags, Be the first to tag this record!

MARC

LEADER 00000naa a2200000 4500
001 0222037
005 20240502083550.6
041 0 |a eng 
044 |a NL 
245 1 0 |a <The> House money effect and negative reciprocity  |c Katarína Danková, Maroš Servátka 
520 |a Experiment v investičnom správaní. Rozdiel v investičnom správaní pri nečakanom a zaslúženom zárobku. Recipročné dopady na správanie investorov a tvorba "house money effect". "Taking game" v investičných procesoch. 
610 2 0 |a experimenty 
610 2 0 |a kapitál vlastný 
610 2 0 |a reciprocita 
610 2 0 |a rozhodovanie investičné 
100 1 |a Danková, Katarína 
700 1 |a Servátka, Maroš, 1976-